<?xml version="1.0" encoding="UTF-8"?>
<collection xmlns="http://www.loc.gov/MARC21/slim">
 <record>
  <leader>02709cam a2200541  c4500</leader>
  <controlfield tag="001">1146598564</controlfield>
  <controlfield tag="003">DE-627</controlfield>
  <controlfield tag="005">20240319183309.0</controlfield>
  <controlfield tag="007">tu</controlfield>
  <controlfield tag="008">990427s1998    xx ||||| r    00| ||ita c</controlfield>
  <datafield tag="010" ind1=" " ind2=" ">
   <subfield code="a">   98016671 </subfield>
  </datafield>
  <datafield tag="020" ind1=" " ind2=" ">
   <subfield code="a">0892365315</subfield>
   <subfield code="9">0-89236-531-5</subfield>
  </datafield>
  <datafield tag="035" ind1=" " ind2=" ">
   <subfield code="a">(DE-627)1146598564</subfield>
  </datafield>
  <datafield tag="035" ind1=" " ind2=" ">
   <subfield code="a">(DE-576)07659856X</subfield>
  </datafield>
  <datafield tag="035" ind1=" " ind2=" ">
   <subfield code="a">(DE-599)BSZ07659856X</subfield>
  </datafield>
  <datafield tag="035" ind1=" " ind2=" ">
   <subfield code="a">(OCoLC)313161747</subfield>
  </datafield>
  <datafield tag="040" ind1=" " ind2=" ">
   <subfield code="a">DE-627</subfield>
   <subfield code="b">ger</subfield>
   <subfield code="c">DE-627</subfield>
   <subfield code="e">rakwb</subfield>
  </datafield>
  <datafield tag="041" ind1=" " ind2=" ">
   <subfield code="a">ita</subfield>
  </datafield>
  <datafield tag="082" ind1="0" ind2=" ">
   <subfield code="a">759.50744541</subfield>
  </datafield>
  <datafield tag="084" ind1=" " ind2=" ">
   <subfield code="a">9,10</subfield>
   <subfield code="2">ssgn</subfield>
  </datafield>
  <datafield tag="084" ind1=" " ind2=" ">
   <subfield code="a">LH 29990</subfield>
   <subfield code="2">rvk</subfield>
   <subfield code="0">(DE-625)rvk/92955:</subfield>
  </datafield>
  <datafield tag="245" ind1="1" ind2="0">
   <subfield code="a">Documents for the history of collecting</subfield>
   <subfield code="p">Italian inventories</subfield>
   <subfield code="n">3</subfield>
   <subfield code="p">Collezioni e quadrerie nella Bologna del Seicento, inventari 1640 - 1707 / Raffaella Morselli</subfield>
   <subfield code="c">The Provenance Index of the Getty Art History Information Program. Gérard Labrot. Ed. by Carol Togneri Dowd ...</subfield>
  </datafield>
  <datafield tag="264" ind1=" " ind2="1">
   <subfield code="a">Munich</subfield>
   <subfield code="b">Saur</subfield>
   <subfield code="c">1998</subfield>
  </datafield>
  <datafield tag="300" ind1=" " ind2=" ">
   <subfield code="a">XI, 681 S.</subfield>
   <subfield code="b">Ill.</subfield>
  </datafield>
  <datafield tag="336" ind1=" " ind2=" ">
   <subfield code="a">Text</subfield>
   <subfield code="b">txt</subfield>
   <subfield code="2">rdacontent</subfield>
  </datafield>
  <datafield tag="337" ind1=" " ind2=" ">
   <subfield code="a">ohne Hilfsmittel zu benutzen</subfield>
   <subfield code="b">n</subfield>
   <subfield code="2">rdamedia</subfield>
  </datafield>
  <datafield tag="338" ind1=" " ind2=" ">
   <subfield code="a">Band</subfield>
   <subfield code="b">nc</subfield>
   <subfield code="2">rdacarrier</subfield>
  </datafield>
  <datafield tag="583" ind1="1" ind2=" ">
   <subfield code="a">Archivierung prüfen</subfield>
   <subfield code="c">20200919</subfield>
   <subfield code="f">DE-640</subfield>
   <subfield code="z">3</subfield>
   <subfield code="2">pdager</subfield>
  </datafield>
  <datafield tag="583" ind1="1" ind2=" ">
   <subfield code="a">Archivierung/Langzeitarchivierung gewährleistet</subfield>
   <subfield code="f">SSG</subfield>
   <subfield code="x">XA-DE-BW</subfield>
   <subfield code="2">pdager</subfield>
   <subfield code="5">DE-16</subfield>
  </datafield>
  <datafield tag="655" ind1=" " ind2="7">
   <subfield code="a">Verzeichnis</subfield>
   <subfield code="0">(DE-588)4188171-0</subfield>
   <subfield code="0">(DE-627)105266639</subfield>
   <subfield code="0">(DE-576)210051078</subfield>
   <subfield code="2">gnd-content</subfield>
  </datafield>
  <datafield tag="689" ind1="0" ind2="0">
   <subfield code="d">g</subfield>
   <subfield code="0">(DE-588)4027833-5</subfield>
   <subfield code="0">(DE-627)106283235</subfield>
   <subfield code="0">(DE-576)208972501</subfield>
   <subfield code="a">Italien</subfield>
   <subfield code="2">gnd</subfield>
  </datafield>
  <datafield tag="689" ind1="0" ind2="1">
   <subfield code="d">s</subfield>
   <subfield code="0">(DE-588)4037220-0</subfield>
   <subfield code="0">(DE-627)10623871X</subfield>
   <subfield code="0">(DE-576)209022892</subfield>
   <subfield code="a">Malerei</subfield>
   <subfield code="2">gnd</subfield>
  </datafield>
  <datafield tag="689" ind1="0" ind2="2">
   <subfield code="d">g</subfield>
   <subfield code="0">(DE-588)4007616-7</subfield>
   <subfield code="0">(DE-627)106372564</subfield>
   <subfield code="0">(DE-576)208871322</subfield>
   <subfield code="a">Bologna</subfield>
   <subfield code="2">gnd</subfield>
  </datafield>
  <datafield tag="689" ind1="0" ind2="3">
   <subfield code="d">s</subfield>
   <subfield code="0">(DE-588)4128844-0</subfield>
   <subfield code="0">(DE-627)105714259</subfield>
   <subfield code="0">(DE-576)209605545</subfield>
   <subfield code="a">Sammlung</subfield>
   <subfield code="2">gnd</subfield>
  </datafield>
  <datafield tag="689" ind1="0" ind2="4">
   <subfield code="a">z</subfield>
   <subfield code="2">gnd</subfield>
   <subfield code="a">Geschichte 1640-1707</subfield>
  </datafield>
  <datafield tag="689" ind1="0" ind2=" ">
   <subfield code="5">(DE-627)</subfield>
  </datafield>
  <datafield tag="700" ind1="1" ind2=" ">
   <subfield code="a">Morselli, Raffaella</subfield>
   <subfield code="d">1961-</subfield>
   <subfield code="0">(DE-588)132143666</subfield>
   <subfield code="0">(DE-627)51867410X</subfield>
   <subfield code="0">(DE-576)298968177</subfield>
   <subfield code="4">oth</subfield>
  </datafield>
  <datafield tag="773" ind1="1" ind2="8">
   <subfield code="w">(DE-627)1098185676</subfield>
   <subfield code="w">(DE-576)028185676</subfield>
   <subfield code="g">Italian inventories ; 3</subfield>
   <subfield code="q">ital,3</subfield>
   <subfield code="7">nnnm</subfield>
  </datafield>
  <datafield tag="787" ind1="0" ind2="8">
   <subfield code="i">Rezension</subfield>
   <subfield code="a">Witte, Arnold Alexander, 1968 - </subfield>
   <subfield code="t">[Rezension von: Raffaella Morselli, Collezioni e quadrerie nella Bologna del Seicento, inventari 1640-1707]</subfield>
   <subfield code="d">2000</subfield>
   <subfield code="w">(DE-627)1540517519</subfield>
   <subfield code="w">(DE-576)470517514</subfield>
  </datafield>
  <datafield tag="936" ind1="r" ind2="v">
   <subfield code="a">LH 29990</subfield>
   <subfield code="b">Kataloge, welche die Bestände mehrerer Museen an verschiedenen Orten aufführen</subfield>
   <subfield code="k">Kunstgeschichte</subfield>
   <subfield code="k">Allgemeines. Allgemeine Kunstgeschichte</subfield>
   <subfield code="k">Museumskunde. Museumskataloge</subfield>
   <subfield code="k">Kataloge, welche die Bestände mehrerer Museen an verschiedenen Orten aufführen</subfield>
   <subfield code="0">(DE-627)1271071800</subfield>
   <subfield code="0">(DE-625)rvk/92955:</subfield>
   <subfield code="0">(DE-576)201071800</subfield>
  </datafield>
  <datafield tag="951" ind1=" " ind2=" ">
   <subfield code="a">MV</subfield>
  </datafield>
  <datafield tag="990" ind1=" " ind2=" ">
   <subfield code="a">Italien</subfield>
  </datafield>
  <datafield tag="990" ind1=" " ind2=" ">
   <subfield code="a">Malerei</subfield>
  </datafield>
  <datafield tag="990" ind1=" " ind2=" ">
   <subfield code="a">Bologna</subfield>
  </datafield>
  <datafield tag="990" ind1=" " ind2=" ">
   <subfield code="a">Sammlung</subfield>
  </datafield>
  <datafield tag="990" ind1=" " ind2=" ">
   <subfield code="a">Geschichte 1640-1707</subfield>
  </datafield>
  <datafield tag="991" ind1=" " ind2=" ">
   <subfield code="a">Rezensiertes Werk</subfield>
  </datafield>
  <datafield tag="999" ind1=" " ind2=" ">
   <subfield code="a">KXP-PPN1146598564</subfield>
   <subfield code="e">4046151242</subfield>
  </datafield>
 </record>
</collection>
